The nomogram ; the theory and practical construction of computation charts /
Guardado en:
| Autor Principal: | |
|---|---|
| Otros Autores: | |
| Formato: | Libro |
| Idioma: | English |
| Publicado: |
New York :
Pitman Pub. Corp.,
[1950]
|
| Edición: | 4th ed. |
| Materias: | |
| Etiquetas: |
Agregar Etiqueta
Sin Etiquetas, Sea el primero en etiquetar este registro!
|
| LEADER | 00710cam a22002051a 4500 | ||
|---|---|---|---|
| 001 | MAT.inmabb005526 | ||
| 008 | 950726s1950####nyua##########000#0#eng## | ||
| 005 | 20120731120247.0 | ||
| 245 | 1 | 4 | |a The nomogram ; |b the theory and practical construction of computation charts / |c by H. J. Allcock and J. Reginald Jones. Rev. by J. G. L. Michel. |
| 250 | |a 4th ed. | ||
| 260 | |a New York : |b Pitman Pub. Corp., |c [1950] | ||
| 300 | |a x, 238 p. : |b diagrs. ; |c 23 cm. | ||
| 510 | 4 | |a MR, |c 12,362i | |
| 100 | 1 | |a Allcock, Harold John. | |
| 700 | 1 | |a Jones, John Reginald. | |
| 650 | 0 | |a Nomography (Mathematics) | |
| 084 | |a 65S05 |2 msc2000 | ||
| 010 | |a 50011993 | ||
| 040 | |a DLC |c NcD |d DLC | ||
| 859 | |h 65 |i Al421 |p A-2197 |b BIB. MATEMATICA | ||
